| 000 | 01008njm a22002777a 4500 | ||
|---|---|---|---|
| 005 | 20100916145059.0 | ||
| 006 | a|||||r|||||00| 0 | ||
| 007 | sd ammalaaahaa | ||
| 008 | 100915t xxu||||| |||| 00| 0 eng d | ||
| 028 |
_a2392 189 _bPremium |
||
| 035 | _aGR-03026 | ||
| 040 |
_aSED _cSED |
||
| 100 | _917455 | ||
| 245 |
_aMeena Kumari ki amar kahani / _cmusic by kayyam; lyric by Afzal Shadaab _h[sound recording] : |
||
| 246 | _aमीना कुमारी की अमर कहानी / | ||
| 260 |
_aDum Dum, India _bPremium _c1979 |
||
| 300 |
_a1 sound disc [Gramophone Recording]: _banalog, 33 1/3 rpm _c12 in. (LP) _fGramophone Record |
||
| 500 | _aBrief Record | ||
| 500 | _aRecord labels :Premium,Red | ||
| 505 | _aSide-2 Meena Kumari ki amar kahani / | ||
| 650 |
_aFilm songs _zIndia _91186 _xExcerpts |
||
| 700 |
_aKayyam _920365 |
||
| 700 |
_aShadaab, Afzal _920366 |
||
| 942 |
_2ddc _cGR |
||
| 999 |
_c46241 _d46241 |
||